000 00305nam a22001337a 4500
008 180919b xxu||||| |||| 00| 0 eng d
020 _a2900767420890
041 _aeng
080 _23 ED
_a316
100 _a50
101 _aSOC
245 _aWomen Images Realities
_cKesselman.A
942 _2udc
_cBK
999 _c47981
_d47981